HEAT TRANSFER (Record no. 14214)

MARC details
000 -LEADER
fixed length control field 00342nam a22001577a 4500
003 - CONTROL NUMBER IDENTIFIER
control field SGT
020 ## - INTERNATIONAL STANDARD BOOK NUMBER
International Standard Book Number 978-0-07-106967-0
082 ## - DEWEY DECIMAL CLASSIFICATION NUMBER
Classification number 536.2
Item number HOL
100 ## - MAIN ENTRY--PERSONAL NAME
Personal name HOLMAN,J.P
245 ## - TITLE STATEMENT
Title HEAT TRANSFER
250 ## - EDITION STATEMENT
Edition statement 10TH
260 ## - PUBLICATION, DISTRIBUTION, ETC. (IMPRINT)
Place of publication, distribution, etc NEW DELHI
Name of publisher, distributor, etc MC-GRAW HILL
Year of Publication 2011
300 ## - PAGE DESCRIPTION
No. of Pages 674
650 ## - SUBJECT ADDED ENTRY--TOPICAL TERM
Topical term or geographic name as entry element MECHANICAL ENGINEERING
942 ## - ADDED ENTRY ELEMENTS (KOHA)
Source of classification or shelving scheme Dewey Decimal Classification
Koha item type Books
942 ## - ADDED ENTRY ELEMENTS (KOHA)
-- 1
Holdings
Withdrawn status Lost status Source of classification or shelving scheme Damaged status Not for loan Collection code Home library Current library Shelving location Date acquired Vendor Name Cost, normal purchase price SGTU Bill Number Total Checkouts Full call number Accession No. (Barcode) Date last seen Date last borrowed Bill Date Koha item type
    Dewey Decimal Classification     ENGINEERING SGT Engineering Library SGT Engineering Library Text Book 26/12/2017 KIRTI PRAKASHAN (NEW DELHI ) 725.00 SGTU IN1297 2 536.2 HOL FE6821 24/01/2019 07/01/2019   Books
    Dewey Decimal Classification     ENGINEERING SGT Engineering Library SGT Engineering Library Text Book 26/12/2017 KIRTI PRAKASHAN (NEW DELHI ) 725.00 SGTU IN1297 6 536.2 HOL FE6822 11/12/2018 12/11/2018   Books
    Dewey Decimal Classification     ENGINEERING SGT Engineering Library SGT Engineering Library Text Book 26/12/2017 KIRTI PRAKASHAN (NEW DELHI ) 725.00 SGTU IN1297   536.2 HOL FE6823 26/12/2017     Books
    Dewey Decimal Classification     ENGINEERING SGT Engineering Library SGT Engineering Library Text Book 26/12/2017 KIRTI PRAKASHAN (NEW DELHI ) 725.00 SGTU IN1297 1 536.2 HOL FE6824 22/04/2022 07/04/2022   Books
    Dewey Decimal Classification     ENGINEERING SGT Engineering Library SGT Engineering Library Text Book 26/12/2017 KIRTI PRAKASHAN (NEW DELHI ) 725.00 SGTU IN1297   536.2 HOL FE6825 26/12/2017     Books